[Event "Pula op 19th"]
[Site "Pula"]
[Date "2005.06.22"]
[Round "4"]
[White "Sedlak, Nikola"]
[Black "Dickhoff, Ronald"]
[Result "1/2-1/2"]
[WhiteElo "2514"]
[BlackElo "2199"]
[PlyCount "174"]
[EventDate "2005.06.19"]
[EventType "swiss"]
[EventRounds "9"]
[EventCountry "CRO"]
[SourceTitle "CBM 106 Extra"]
[Source "ChessBase"]
[SourceDate "2005.07.01"]
[SourceVersion "1"]
[SourceVersionDate "2005.07.01"]
[SourceQuality "1"]

1. d4 Nf6 2. Bg5 g6 3. Bxf6 exf6 4. e3 Bg7 5. Ne2 d5 6. g3 c6 7. Bg2 Na6 8. Nd2 0-0 9. b3 Bg4 10. h3 Bf5 11. 0-0 Qd7 12. Kh2 Rfe8 13. c4 Bd3 14. Rc1 f5 15. Re1 Bxe2 16. Rxe2 Bf8 17. Nb1 Rac8 18. Rec2 Nb4 19. Rd2 Na6 20. Qh1 Nc7 21. Rdc2 Bb4 22. Nc3 Bxc3 23. Rxc3 Rcd8 24. R1c2 Qe7 25. h4 Kg7 26. Qb1 a6 27. Kg1 Qf6 28. Qc1 Qe7 29. Qb2 Kg8 30. b4 dxc4 31. Rxc4 Nd5 32. Qb3 Qe6 33. Rc5 Nf6 34. Qxe6 fxe6 35. a4 Nd5 36. b5 axb5 37. axb5 b6 38. Bxd5 bxc5 39. Bxc6 cxd4 40. Bxe8 Rxe8 41. exd4 Rb8 42. Rb2 Kf7 43. b6 Rb7 44. Kg2 Ke7 45. Kf3 Kd6 46. Kf4 h6 47. Rb4 Kd5 48. f3 Kd6 49. g4 Kd5 50. g5 h5 51. Rb1 Kd6 52. Rb5 Kc6 53. Ra5 Kd6 54. Ra8 Rxb6 55. Rg8 Kd5 56. Rd8+ Rd6 57. Rg8 Ra6 58. Rc8 e5+ 59. dxe5 Ra4+ 60. Kg3 f4+ 61. Kh3 Ra6 62. Re8 Re6 63. Ra8 Kxe5 64. Ra5+ Kd4 65. Ra1 Re3 66. Ra4+ Ke5 67. Ra5+ Kd4 68. Ra4+ Ke5 69. Kg2 Re2+ 70. Kf1 Rh2 71. Kg1 Rd2 72. Ra6 Rd6 73. Ra2 Rd1+ 74. Kg2 Rd6 75. Ra8 Rd2+ 76. Kf1 Rd3 77. Ke2 Re3+ 78. Kf2 Rd3 79. Re8+ Kf5 80. Rf8+ Ke5 81. Rf6 Rd2+ 82. Ke1 Rd6 83. Rxd6 Kxd6 84. Kd2 Kc6 85. Kc2 Kd6 86. Kb2 Kd5 87. Kc3 Kc5 1/2-1/2

[Event "Dresden ZMD op"]
[Site "Dresden"]
[Date "2003.07.31"]
[Round "7"]
[White "Dickhoff, Ronald"]
[Black "Ziegler, Tobias"]
[Result "1-0"]
[WhiteElo "2215"]
[BlackElo "1972"]
[PlyCount "92"]
[EventDate "2003.07.25"]
[EventType "swiss"]
[EventRounds "9"]
[EventCountry "GER"]
[SourceTitle "EXT 2004"]
[Source "ChessBase"]
[SourceDate "2003.11.25"]
[SourceVersion "1"]
[SourceVersionDate "2003.11.25"]
[SourceQuality "1"]

1. d4 d5 2. c4 e6 3. Nf3 Nf6 4. Nc3 Be7 5. Bg5 Nbd7 6. e3 c6 7. Qc2 0-0 8. Rd1 h6 9. Bh4 Re8 10. Bd3 dxc4 11. Bxc4 Nd5 12. Bxe7 Qxe7 13. a3 N5b6 14. Ba2 e5 15. Bb1 g6 16. h4 exd4 17. Nxd4 Ne5 18. h5 Bg4 19. hxg6 fxg6 20. f3 c5 21. Nde2 Bf5 22. e4 Be6 23. Rxh6 Kg7 24. Rh1 Rh8 25. Kf2 Rad8 26. Qc1 Rxd1 27. Qxd1 Rxh1 28. Qxh1 c4 29. Qd1 Qh4+ 30. Ng3 Qf4 31. Nce2 Qf6 32. Qd4 Kh6 33. Ke1 Bf7 34. f4 Nd3+ 35. Bxd3 Qxd4 36. Nxd4 cxd3 37. b3 Nd7 38. Kd2 Nc5 39. b4 Ne6 40. Nxe6 Bxe6 41. Kxd3 a6 42. Kd4 Kg7 43. Ke5 Bd7 44. f5 gxf5 45. exf5 Bc6 46. Ne4 Bxe4 1-0

[Event "Dresden ZMD op"]
[Site "Dresden"]
[Date "2003.07.26"]
[Round "2"]
[White "Siedentopf, Daniel"]
[Black "Dickhoff, Ronald"]
[Result "0-1"]
[WhiteElo "2148"]
[BlackElo "2215"]
[PlyCount "58"]
[EventDate "2003.07.25"]
[EventType "swiss"]
[EventRounds "9"]
[EventCountry "GER"]
[SourceTitle "EXT 2004"]
[Source "ChessBase"]
[SourceDate "2003.11.25"]
[SourceVersion "1"]
[SourceVersionDate "2003.11.25"]
[SourceQuality "1"]

1. d4 Nf6 2. c4 e6 3. Nc3 Bb4 4. e3 c5 5. Nge2 cxd4 6. exd4 0-0 7. a3 Be7 8. g3 d5 9. c5 b6 10. b4 bxc5 11. dxc5 a5 12. Rb1 Nc6 13. Bg2 Rb8 14. b5 Bxc5 15. bxc6 Rxb1 16. Nxb1 Qb6 17. Nbc3 Bxf2+ 18. Kf1 Ba6 19. Bf3 Rc8 20. Kg2 Rxc6 21. Na4 Qa7 22. Bb2 Rc4 23. Nf4 Be3 24. Be2 Rc8 25. Bxa6 Qxa6 26. Bxf6 gxf6 27. Nh5 f5 28. Re1 d4 29. Qe2 Qc6+ 0-1

[Event "Lido degli Estensi op 3rd"]
[Site "Lido degli Estensi"]
[Date "2002.06.10"]
[Round "3"]
[White "Laketic, Gojko"]
[Black "Dickhoff, Ronald"]
[Result "1-0"]
[WhiteElo "2446"]
[BlackElo "2230"]
[PlyCount "89"]
[EventDate "2002.06.07"]
[EventType "swiss"]
[EventRounds "9"]
[EventCountry "ITA"]
[SourceTitle "CBM 088 Extra"]
[Source "ChessBase"]
[SourceDate "2002.07.01"]
[SourceVersion "2"]
[SourceVersionDate "2002.07.01"]
[SourceQuality "1"]

1. d4 Nf6 2. Nf3 e6 3. g3 b6 4. Bg2 Bb7 5. c4 Be7 6. 0-0 0-0 7. Nc3 Ne4 8. Bd2 Bf6 9. Qc2 Nxd2 10. Qxd2 d6 11. Rad1 Qe7 12. e4 g6 13. Rfe1 Bg7 14. h4 Nd7 15. Qe2 Rac8 16. h5 a6 17. Qe3 Rfd8 18. h6 Bh8 19. Rd2 Qf8 20. Red1 Ba8 21. Nh2 c5 22. dxc5 Nxc5 23. Ng4 Qe7 24. Qf4 Nb7 25. e5 dxe5 26. Nxe5 Rxd2 27. Rxd2 Qf6 28. Nd7 Qxf4 29. gxf4 Rd8 30. Ne4 Rc8 31. Nxb6 Rd8 32. Rxd8+ Nxd8 33. Nxa8 Bxb2 34. Nb6 Bc1 35. Nf6+ Kf8 36. Nxh7+ Ke7 37. Ng5 Bxf4 38. h7 Be5 39. c5 Bg7 40. Nc4 f6 41. Ne4 Nf7 42. Ncd6 Ne5 43. f4 Nd3 44. c6 f5 45. c7 1-0

[Event "Avoine op 16th"]
[Site "Avoine"]
[Date "2001.??.??"]
[Round "2"]
[White "Petitjean, Pierre"]
[Black "Dickhoff, Ronald"]
[Result "1/2-1/2"]
[WhiteElo "1980"]
[BlackElo "2255"]
[PlyCount "69"]
[EventDate "2001.07.??"]
[EventType "swiss"]
[EventRounds "7"]
[EventCountry "FRA"]
[SourceTitle "EXT 2003"]
[Source "ChessBase"]
[SourceDate "2002.11.25"]
[SourceVersion "1"]
[SourceVersionDate "2002.11.25"]
[SourceQuality "1"]

1. e4 e6 2. d4 d5 3. Nd2 c5 4. exd5 exd5 5. Ngf3 a6 6. dxc5 Bxc5 7. Nb3 Bb6 8. Bd3 Qe7+ 9. Qe2 Nc6 10. c3 Qxe2+ 11. Kxe2 Nf6 12. Re1 0-0 13. Kf1 Bg4 14. Nfd4 Nxd4 15. Nxd4 Rfe8 16. Bf4 Rxe1+ 17. Rxe1 Re8 18. Rxe8+ Nxe8 19. f3 Bd7 20. Bc2 Nc7 21. Bb3 Nb5 22. Bxd5 Nxd4 23. cxd4 Bxd4 24. Bxb7 Bb5+ 25. Ke1 Bxb2 26. Bd6 Bc4 27. Bb4 Be5 28. g3 h5 29. Kf2 g5 30. a3 Kg7 31. Ke3 h4 32. f4 Bc7 33. Be1 hxg3 34. hxg3 Kg6 35. Kf3 1/2-1/2